000 00946 a2200205 4500
003 Nust
005 20220831134049.0
020 _a9781284175554
040 _cNust
082 _a005.133,MIL
100 _aN. Miller, Bradley
_998742
245 _aPython programming in Context /
_cBradley N. Miller, David L. Ranum & Julie
250 _a3rd Edition
260 _6Jones & Barlett
_c2021
300 _a497 p;
505 _aIntroduction to Python (Page-1), πthon: Estimating Pi (Page-39), Codes and Other Secrets (Page-75), Introducing the Python Collections (Page-111), Bigger Data: File I/O (Page-147), Image Processing (Page-177), Data Mining: Cluster Analysis (Page-221), Cryptanalysis (Page-245), Fractals: The Geometry of Nature (Page-285), Planet Objects (Page-307), Simulation (Page-343), Father Was a Rectangle (Page-369), Video Games (Page-399),
650 _aComputer programming
651 _aPython
_998743
942 _2ddc
_cREF
999 _c194051
_d194051